000
00299nam a22001337a 4500
008
170424b xxu||||| |||| 00| 0 eng d
020
_a
9780130874801
041
_a
eng
080
_2
9TH
_a
54
100
_a
12
101
_a
SHM
245
_a
CHEMISTRY FOR CHANGING TIMES
_c
KARR, P
942
_2
udc
_c
BK
999
_c
11736
_d
11736